Why some firms thrive while others fail / (Record no. 4449)
[ view plain ]
| 000 -LEADER | |
|---|---|
| fixed length control field | 01959cam a2200325 a 4500 |
| 001 - CONTROL NUMBER | |
| control field | BD-DhSAU 4449 |
| 003 - CONTROL NUMBER IDENTIFIER | |
| control field | BD-DhSAU |
| 005 - DATE AND TIME OF LATEST TRANSACTION | |
| control field | 20150222104453.0 |
| 008 - FIXED-LENGTH DATA ELEMENTS--GENERAL INFORMATION | |
| fixed length control field | 150218s2012 nyua ob 001 0 eng d |
| 020 ## - INTERNATIONAL STANDARD BOOK NUMBER | |
| International Standard Book Number | 9780199915996 (cloth : alk. paper) |
| 020 ## - INTERNATIONAL STANDARD BOOK NUMBER | |
| International Standard Book Number | 0199915997 (cloth : alk. paper) |
| 040 ## - CATALOGING SOURCE | |
| Original cataloging agency | BD-DhSAU |
| 082 ## - DEWEY DECIMAL CLASSIFICATION NUMBER | |
| Classification number | - |
| Item number | - |
| Edition number | 22 |
| 100 1# - MAIN ENTRY--PERSONAL NAME | |
| Personal name | Stanton, Thomas H., |
| Dates associated with a name | 1944- |
| 210 10 - ABBREVIATED TITLE | |
| Abbreviated title | Why some firms thrive while others fail |
| 245 10 - TITLE STATEMENT | |
| Title | Why some firms thrive while others fail |
| Medium | [electronic resource] : |
| Remainder of title | governance and management lessons from the crisis / |
| Statement of responsibility, etc. | Thomas H. Stanton. |
| 260 ## - PUBLICATION, DISTRIBUTION, ETC. (IMPRINT) | |
| Place of publication, distribution, etc. | New York : |
| Name of publisher, distributor, etc. | Oxford University Press, |
| Date of publication, distribution, etc. | c2012. |
| 500 ## - GENERAL NOTE | |
| General note | Oxford scholarship online Economics and Finance |
| 504 ## - BIBLIOGRAPHY, ETC. NOTE | |
| Bibliography, etc | Includes bibliographical references (p. 251-267) and index. |
| 505 0# - FORMATTED CONTENTS NOTE | |
| Formatted contents note | Preface -- Repairing our public and private institutions : a national imperative -- Dynamics of the financial crisis -- Coping with the crisis -- Company governance and the financial crisis -- Risk management and the financial crisis -- Company organization, business models, and the crisis -- Supervision and regulation of financial firms -- Hyman minsky : will it happen again? -- Governance and management : lessons learned -- Governance and management : beyond the financial crisis -- References -- Index. |
| 506 ## - RESTRICTIONS ON ACCESS NOTE | |
| Terms governing access | License restrictions may limit access. |
| 590 ## - Name of Cataloguer | |
| Name of Cataloger | roy |
| 650 #0 - SUBJECT ADDED ENTRY--TOPICAL TERM | |
| Topical term or geographic name as entry element | Corporations |
| Geographic subdivision | United States |
| Form subdivision | Case studies. |
| 650 #0 - SUBJECT ADDED ENTRY--TOPICAL TERM | |
| Topical term or geographic name as entry element | Industrial management |
| Geographic subdivision | United States |
| Form subdivision | Case studies. |
| 650 #0 - SUBJECT ADDED ENTRY--TOPICAL TERM | |
| Topical term or geographic name as entry element | Global Financial Crisis, 2008-2009. |
| 773 #0 - HOST ITEM ENTRY | |
| Title | Oxford Scholarship Online Economics and Finance |
| 856 40 - ELECTRONIC LOCATION AND ACCESS | |
| Uniform Resource Identifier | <a href="http://www.oxfordscholarship.com/view/10.1093/acprof:oso/9780199915996.001.0001/acprof-9780199915996?rskey=QaXexS&result=142">http://www.oxfordscholarship.com/view/10.1093/acprof:oso/9780199915996.001.0001/acprof-9780199915996?rskey=QaXexS&result=142</a> |
| 856 40 - ELECTRONIC LOCATION AND ACCESS | |
| Uniform Resource Identifier | <a href=" http://doi.org/10.1093/acprof:oso/9780199915996.001.0001"> http://doi.org/10.1093/acprof:oso/9780199915996.001.0001</a> |
| 910 ## - USER-OPTION DATA (OCLC) | |
| User-option data | Library of Congress record |
| 942 ## - ADDED ENTRY ELEMENTS (KOHA) | |
| Source of classification or shelving scheme | Dewey Decimal Classification |
| Koha item type | Online book |
No items available.
